| 000 | 01546nam a2200337 4500 | ||
|---|---|---|---|
| 001 | 53 | ||
| 003 | OSt | ||
| 005 | 20250528074010.0 | ||
| 008 | 250122b |||||||e |||| 00| 1 eng d | ||
| 040 | _bpor | ||
| 041 |
_hspa _apor |
||
| 082 |
_a863 _bB467c |
||
| 100 | 1 |
_aBenítez, J. J., _d1946- _9143 |
|
| 240 | _aCaballo de Troya 4 | ||
| 245 |
_aOperação Cavalo de Troia: _bNazareh / _cBenitez, J. J. ; Tradução de Herminio Tricca |
||
| 260 |
_aSão Paulo _bMercuryo _c1990 |
||
| 300 | _a378 p. | ||
| 490 | 1 |
_aCavalo de Troia _vvol. 04 |
|
| 500 | _aCavalo de Troia Nazaré | ||
| 520 | _aEm 1973, numa operação ultra-secreta batizada de Cavalo de Tróia, dois astronautas voltaram no tempo e presenciaram a vida, paixão, morte, ressurreição e 'ascensão' de Jesus de Nazaré. Esta viagem no tempo é apresentada no Diário do Major da Força Aérea norte-americana, que chegou às mãos do jornalista e investigador J. J. Benítez. Em 'Cavalo de Tróia 4', o Major investiga a vida de Jesus Cristo dos quatorze aos vinte e seis anos, os chamados anos ocultos do Mestre, em busca de respostas. Em 'Cavalo de Tróia 4', o leitor conhecerá também a verdadeira versão da oração Pai-Nosso. | ||
| 650 | 0 |
_aLiteratura espanhola _9144 |
|
| 650 | 0 |
_aFicção Científica _963 |
|
| 650 | 0 |
_aViagem no tempo _9145 |
|
| 650 | 0 |
_aAção _964 |
|
| 650 | 0 |
_aReligião _9100 |
|
| 655 | 0 |
_aRomance _923 |
|
| 655 | 0 |
_aFicção _922 |
|
| 700 |
_aHerminio Tricca _eTradutor _9146 |
||
| 830 |
_aCavalo de Troia _vvol. 04 _9147 |
||
| 942 |
_2ddc _n0 _cBK |
||
| 999 |
_c53 _d53 |
||